000 00359nam a2200133Ia 4500
008 151001s9999||||xx |||||||||||||| ||und||
100 _aमधुसूदन कालेलकर
245 _aशिकार
250 _a1
260 _bपॉप्युलर प्रकाशन मुंबई
260 _c1972
300 _a89
365 _b21
999 _c960355
_d960352